000 00519nam a22001697a 4500
003 CEME
005 20210628210553.0
008 210210b xxu||||| |||| 00| 0 eng d
040 _c.
082 _a291.175 BAR
100 _aBarness, Ernest William
_979991
245 _aScientific theory and religion the world described by science and its spiritual interpretation
260 _aLONDON
_bCAMBRIDGE UNIVERSITY PRESS
_c1933
300 _a639P
650 _aHEAT AND LIGHT SOLAR SYSTEM SPACE
_979992
942 _cBK
_2ddc
999 _c584972
_d584972